[Event "TeamRussiawomen"]
[Site "?"]
[Date "2016.10.05"]
[Round "3.7"]
[White "Sazonova, Anastasia"]
[Black "Vyrtosu, Natalia"]
[Result "1/2-1/2"]
[LiveChessVersion "1.4.4"]
[BlackElo "1640"]
[WhiteElo "2115"]

1. d4 {[%clk 0:15:15]} e6 {[%clk 0:15:14]} 2. c4 {[%clk 0:15:02]} d5
{[%clk 0:15:10]} 3. Nf3 {[%clk 0:15:01]} c6 {[%clk 0:15:17]} 4. Nc3
{[%clk 0:14:45]} f5 {[%clk 0:15:24]} 5. g3 {[%clk 0:14:19]} Nf6 {[%clk 0:15:31]}
6. Bg2 {[%clk 0:14:09]} Bd6 {[%clk 0:15:37]} 7. O-O {[%clk 0:13:39]} O-O
{[%clk 0:15:34]} 8. b3 {[%clk 0:12:23]} Nbd7 {[%clk 0:15:43]} 9. a4
{[%clk 0:10:22]} a6 {[%clk 0:15:24]} 10. Ba3 {[%clk 0:09:44]} Bxa3
{[%clk 0:15:08]} 11. Rxa3 {[%clk 0:09:52]} Ne4 {[%clk 0:14:45]} 12. Qc2
{[%clk 0:09:21]} Ndf6 {[%clk 0:14:46]} 13. c5 {[%clk 0:07:20]} a5
{[%clk 0:14:06]} 14. Ne5 {[%clk 0:06:50]} Bd7 {[%clk 0:13:58]} 15. Raa1
{[%clk 0:05:52]} Qc7 {[%clk 0:13:32]} 16. Nd1 {[%clk 0:05:14]} Rfb8
{[%clk 0:12:59]} 17. Nb2 {[%clk 0:03:27]} Be8 {[%clk 0:12:52]} 18. Nbd3
{[%clk 0:03:29]} b6 {[%clk 0:11:50]} 19. f3 {[%clk 0:03:14]} Ng5 {[%clk 0:10:55]}
20. Rac1 {[%clk 0:02:54]} b5 {[%clk 0:10:06]} 21. Nf4 {[%clk 0:02:26]} Bd7
{[%clk 0:09:40]} 22. h4 {[%clk 0:01:51]} Nf7 {[%clk 0:09:45]} 23. Nxf7
{[%clk 0:01:38]} Kxf7 {[%clk 0:09:52]} 24. e4 {[%clk 0:01:42]} b4
{[%clk 0:09:16]} 25. h5 {[%clk 0:01:12]} g6 {[%clk 0:08:40]} 26. hxg6+
{[%clk 0:01:13]} hxg6 {[%clk 0:08:47]} 27. Qf2 {[%clk 0:00:28]} Rh8
{[%clk 0:08:37]} 28. Nh3 {[%clk 0:00:31]} Raf8 {[%clk 0:07:15]} 29. Ng5+
{[%clk 0:00:35]} Ke7 {[%clk 0:07:13]} 30. e5 {[%clk 0:00:23]} Nh7
{[%clk 0:07:04]} 31. Qe3 {[%clk 0:00:28]} Be8 {[%clk 0:06:50]} 32. Kf2
{[%clk 0:00:24]} Kd7 {[%clk 0:06:10]} 33. Rh1 {[%clk 0:00:29]} Nxg5
{[%clk 0:06:03]} 34. Qxg5 {[%clk 0:00:37]} Qd8 {[%clk 0:06:11]} 35. Qxd8+
{[%clk 0:00:24]} Kxd8 {[%clk 0:06:20]} 36. f4 {[%clk 0:00:28]} Ke7
{[%clk 0:06:17]} 37. Rcg1 {[%clk 0:00:31]} Bd7 {[%clk 0:06:15]} 38. Bf1
{[%clk 0:00:39]} Bc8 {[%clk 0:06:24]} 39. Kg2 {[%clk 0:00:21]} Kf7
{[%clk 0:06:32]} 40. Rxh8 {[%clk 0:00:26]} Rxh8 {[%clk 0:06:41]} 41. Rh1
{[%clk 0:00:35]} Rxh1 {[%clk 0:06:48]} 42. Kxh1 {[%clk 0:00:44]} Kg7
{[%clk 0:06:54]} 43. Kh2 {[%clk 0:00:52]} Kh6 {[%clk 0:07:02]} 44. g4
{[%clk 0:00:16]} Kg7 {[%clk 0:06:33]} 45. Kg3 {[%clk 0:00:17]} Kh6
{[%clk 0:06:27]} 46. Kh4 {[%clk 0:00:24]} Bb7 {[%clk 0:06:17]} 47. Be2
{[%clk 0:00:19]} Bc8 {[%clk 0:06:25]} 48. Bd3 {[%clk 0:00:28]} Bb7
{[%clk 0:06:29]} 49. gxf5 {[%clk 0:00:23]} gxf5 {[%clk 0:06:35]} 50. Be2
{[%clk 0:00:29]} Bc8 {[%clk 0:06:42]} 51. Bh5 {[%clk 0:00:25]} Bd7
{[%clk 0:06:51]} 52. Be2 {[%clk 0:00:28]} Bc8 {[%clk 0:07:00]} 53. Bd3
{[%clk 0:00:35]} Bb7 {[%clk 0:07:07]} 54. Bf1 {[%clk 0:00:41]} Bc8
{[%clk 0:07:15]} 55. Be2 {[%clk 0:00:50]} Bb7 {[%clk 0:07:22]} 56. Bh5
{[%clk 0:00:57]} Kg7 {[%clk 0:07:26]} 57. Kg5 {[%clk 0:01:01]} Bc8
{[%clk 0:07:35]} 58. Be2 {[%clk 0:00:26]} Kf7 {[%clk 0:07:36]} 59. Kh6
{[%clk 0:00:29]} Ke7 {[%clk 0:07:42]} 60. Kg7 {[%clk 0:00:34]} Bb7
{[%clk 0:07:51]} 61. Bd3 {[%clk 0:00:28]} Bc8 {[%clk 0:08:00]} 62. Be2
{[%clk 0:00:37]} Bb7 {[%clk 0:08:09]} 63. Bd3 {[%clk 0:00:24]} 1/2-1/2

[Event "TeamRussiawomen"]
[Site "?"]
[Date "2016.10.05"]
[Round "3.8"]
[White "Bondareva, Daria"]
[Black "Baraeva, Marina"]
[Result "1/2-1/2"]
[LiveChessVersion "1.4.4"]
[BlackElo "2240"]
[WhiteElo "1734"]

1. e4 {[%clk 0:15:20]} e6 {[%clk 0:15:18]} 2. Nf3 {[%clk 0:15:29]} d5
{[%clk 0:14:55]} 3. Nc3 {[%clk 0:15:37]} Nf6 {[%clk 0:14:55]} 4. e5
{[%clk 0:15:46]} Nfd7 {[%clk 0:15:00]} 5. d4 {[%clk 0:15:55]} c5 {[%clk 0:15:00]}
6. dxc5 {[%clk 0:16:04]} Bxc5 {[%clk 0:14:37]} 7. Bd3 {[%clk 0:15:59]} Nc6
{[%clk 0:14:28]} 8. Bf4 {[%clk 0:16:08]} a6 {[%clk 0:13:49]} 9. O-O
{[%clk 0:15:25]} b5 {[%clk 0:13:44]} 10. a3 {[%clk 0:15:34]} Qc7 {[%clk 0:13:39]}
11. Qe2 {[%clk 0:14:33]} Nd4 {[%clk 0:12:40]} 12. Qd1 {[%clk 0:12:50]} Nxf3+
{[%clk 0:11:18]} 13. Qxf3 {[%clk 0:12:58]} Bb7 {[%clk 0:11:21]} 14. Rfe1
{[%clk 0:11:27]} O-O {[%clk 0:09:15]} 15. Qg3 {[%clk 0:10:03]} g6
{[%clk 0:08:28]} 16. h4 {[%clk 0:08:16]} Rfe8 {[%clk 0:07:25]} 17. Nd1
{[%clk 0:06:22]} Qd8 {[%clk 0:05:04]} 18. Ne3 {[%clk 0:02:20]} Bxe3
{[%clk 0:04:39]} 19. Bxe3 {[%clk 0:02:26]} f5 {[%clk 0:04:31]} 20. exf6
{[%clk 0:01:53]} Qxf6 {[%clk 0:03:54]} 21. Qc7 {[%clk 0:01:09]} Bc8
{[%clk 0:03:33]} 22. Qc6 {[%clk 0:00:23]} Rb8 {[%clk 0:03:41]} 23. Bg5
{[%clk 0:00:32]} Qf7 {[%clk 0:03:35]} 24. Qd6 {[%clk 0:00:15]} Rb6
{[%clk 0:03:24]} 25. Qg3 {[%clk 0:00:15]} e5 {[%clk 0:03:25]} 26. f3
{[%clk 0:00:14]} Rbe6 {[%clk 0:03:27]} 27. h5 {[%clk 0:00:20]} Nc5
{[%clk 0:03:10]} 28. hxg6 {[%clk 0:00:23]} hxg6 {[%clk 0:03:19]} 29. Bf1
{[%clk 0:00:25]} e4 {[%clk 0:03:12]} 30. Qf2 {[%clk 0:00:14]} Nd7
{[%clk 0:02:36]} 31. fxe4 {[%clk 0:00:17]} Rxe4 {[%clk 0:02:10]} 32. Rxe4
{[%clk 0:00:24]} Rxe4 {[%clk 0:02:03]} 33. Re1 {[%clk 0:00:33]} Qxf2+
{[%clk 0:02:03]} 34. Kxf2 {[%clk 0:00:41]} Nc5 {[%clk 0:02:13]} 35. Be3
{[%clk 0:00:15]} d4 {[%clk 0:02:11]} 36. Bd2 {[%clk 0:00:12]} Bf5
{[%clk 0:02:15]} 37. Rxe4 {[%clk 0:00:15]} Bxe4 {[%clk 0:01:48]} 38. c3
{[%clk 0:00:14]} dxc3 {[%clk 0:01:30]} 39. Bxc3 {[%clk 0:00:19]} Kf7
{[%clk 0:01:18]} 40. Ke3 {[%clk 0:00:28]} Bc6 {[%clk 0:01:21]} 41. Be1
{[%clk 0:00:13]} Ke6 {[%clk 0:01:22]} 42. Kd4 {[%clk 0:00:20]} Na4
{[%clk 0:01:27]} 43. Bc3 {[%clk 0:00:26]} Kd6 {[%clk 0:01:12]} 44. b3
{[%clk 0:00:26]} Nxc3 {[%clk 0:01:13]} 45. Kxc3 {[%clk 0:00:35]} Kc5
{[%clk 0:01:19]} 46. Bd3 {[%clk 0:00:21]} Bxg2 {[%clk 0:01:05]} 47. Bxg6 a5
{[%clk 0:01:12]} 48. b4+ {[%clk 0:00:33]} axb4+ {[%clk 0:01:21]} 49. axb4+
{[%clk 0:00:43]} Be4 {[%clk 0:15:10]} 1/2-1/2

[Event "TeamRussiawomen"]
[Site "?"]
[Date "2016.10.05"]
[Round "3.9"]
[White "Galliamova, Alisa"]
[Black "Pogonina, Natalija"]
[Result "1/2-1/2"]
[LiveChessVersion "1.4.4"]
[BlackElo "2458"]
[WhiteElo "2428"]

1. d4 {[%clk 0:15:17]} Nf6 {[%clk 0:15:18]} 2. Nf3 {[%clk 0:15:25]} d5
{[%clk 0:15:26]} 3. c4 {[%clk 0:15:29]} e6 {[%clk 0:15:34]} 4. Nc3
{[%clk 0:15:38]} Nbd7 {[%clk 0:15:41]} 5. Bf4 {[%clk 0:15:33]} Bd6
{[%clk 0:15:38]} 6. Bxd6 {[%clk 0:15:15]} cxd6 {[%clk 0:15:47]} 7. cxd5
{[%clk 0:15:23]} Nxd5 {[%clk 0:15:39]} 8. e4 {[%clk 0:12:24]} Nxc3
{[%clk 0:14:41]} 9. bxc3 {[%clk 0:12:31]} Qa5 {[%clk 0:14:35]} 10. Qb3
{[%clk 0:11:40]} O-O {[%clk 0:14:12]} 11. Bd3 {[%clk 0:10:46]} e5
{[%clk 0:13:18]} 12. O-O {[%clk 0:10:30]} Nb6 {[%clk 0:13:19]} 13. Rfc1
{[%clk 0:06:58]} Bg4 {[%clk 0:11:45]} 14. a4 {[%clk 0:05:29]} Rac8
{[%clk 0:10:33]} 15. Qb5 {[%clk 0:05:04]} Qxb5 {[%clk 0:08:41]} 16. axb5
{[%clk 0:05:12]} exd4 {[%clk 0:07:59]} 17. cxd4 {[%clk 0:04:25]} Rxc1+
{[%clk 0:08:03]} 18. Rxc1 {[%clk 0:04:34]} Rc8 {[%clk 0:08:11]} 19. Rxc8+
{[%clk 0:04:33]} Nxc8 {[%clk 0:07:19]} 20. Nd2 {[%clk 0:04:36]} Kf8
{[%clk 0:07:22]} 21. Nb3 {[%clk 0:04:31]} Nb6 {[%clk 0:07:05]} 22. f3
{[%clk 0:04:13]} Bc8 {[%clk 0:06:27]} 23. Kf2 {[%clk 0:04:18]} Ke7
{[%clk 0:06:35]} 24. Ke3 {[%clk 0:04:26]} h6 {[%clk 0:06:24]} 25. d5
{[%clk 0:03:44]} g5 {[%clk 0:05:33]} 26. Kd4 {[%clk 0:03:40]} Nd7
{[%clk 0:05:31]} 27. g3 {[%clk 0:03:47]} Ne5 {[%clk 0:05:34]} 28. Be2
{[%clk 0:03:45]} Ng6 {[%clk 0:05:33]} 29. Ke3 {[%clk 0:03:05]} f5
{[%clk 0:05:23]} 30. exf5 {[%clk 0:02:11]} Bxf5 {[%clk 0:05:31]} 31. Na5
{[%clk 0:01:50]} Bc8 {[%clk 0:05:29]} 32. Bd3 {[%clk 0:01:28]} Ne5
{[%clk 0:05:30]} 33. Be2 {[%clk 0:01:12]} Kf6 {[%clk 0:04:50]} 34. f4
{[%clk 0:01:12]} gxf4+ {[%clk 0:04:53]} 35. gxf4 {[%clk 0:01:20]} Ng6
{[%clk 0:04:55]} 36. Nc4 {[%clk 0:00:48]} Ke7 {[%clk 0:04:48]} 37. Na5
{[%clk 0:00:41]} Kf6 {[%clk 0:04:16]} 38. Bd3 {[%clk 0:00:39]} Nh4
{[%clk 0:03:59]} 39. Be4 {[%clk 0:00:42]} Ke7 {[%clk 0:03:15]} 40. Kf2
{[%clk 0:00:40]} Bf5 {[%clk 0:02:47]} 41. Ke3 {[%clk 0:00:35]} Bc8
{[%clk 0:02:55]} 42. Kf2 {[%clk 0:00:40]} Bf5 {[%clk 0:03:03]} 43. Ke3
{[%clk 0:00:36]} Bc8 {[%clk 0:03:12]} 44. Kf2 {[%clk 0:00:45]} Bf5
{[%clk 0:03:21]} 45. Ke3 {[%clk 0:00:35]} Bc8 {[%clk 0:03:30]} 1/2-1/2

[Event "TeamRussiawomen"]
[Site "?"]
[Date "2016.10.05"]
[Round "3.10"]
[White "Mkrtchian, Lilit"]
[Black "Ambartsumova, Karina"]
[Result "1/2-1/2"]
[LiveChessVersion "1.4.4"]
[BlackElo "2376"]
[WhiteElo "2425"]

1. Nf3 {[%clk 0:15:17]} d5 {[%clk 0:15:07]} 2. g3 {[%clk 0:15:24]} Nf6
{[%clk 0:15:12]} 3. Bg2 {[%clk 0:15:30]} e6 {[%clk 0:14:23]} 4. O-O
{[%clk 0:15:30]} Be7 {[%clk 0:13:50]} 5. d3 {[%clk 0:15:31]} c5 {[%clk 0:13:39]}
6. Nbd2 {[%clk 0:15:36]} Nc6 {[%clk 0:13:46]} 7. e4 {[%clk 0:15:44]} b6
{[%clk 0:13:27]} 8. Re1 {[%clk 0:15:46]} Bb7 {[%clk 0:13:24]} 9. Qe2
{[%clk 0:15:41]} Qc7 {[%clk 0:12:43]} 10. c3 {[%clk 0:14:42]} dxe4
{[%clk 0:10:42]} 11. dxe4 {[%clk 0:14:45]} Ne5 {[%clk 0:09:27]} 12. Nxe5
{[%clk 0:14:31]} Qxe5 {[%clk 0:09:36]} 13. Nc4 {[%clk 0:14:35]} Qc7
{[%clk 0:08:44]} 14. Bf4 {[%clk 0:14:29]} Qc8 {[%clk 0:08:23]} 15. Nd6+
{[%clk 0:08:46]} Bxd6 {[%clk 0:08:30]} 16. Bxd6 {[%clk 0:08:55]} Qc6
{[%clk 0:08:30]} 17. Rad1 {[%clk 0:08:30]} O-O-O {[%clk 0:08:06]} 18. Be5
{[%clk 0:06:48]} Rxd1 {[%clk 0:05:22]} 19. Qxd1 {[%clk 0:06:56]} Ne8
{[%clk 0:04:17]} 20. Bf4 {[%clk 0:04:40]} f6 {[%clk 0:03:30]} 21. b4
{[%clk 0:02:22]} e5 {[%clk 0:02:18]} 22. Be3 {[%clk 0:02:32]} c4 {[%clk 0:02:00]}
23. Qg4+ {[%clk 0:02:25]} Qd7 {[%clk 0:01:29]} 24. Qe2 {[%clk 0:01:49]} Nd6
{[%clk 0:01:12]} 25. Rd1 {[%clk 0:01:49]} Qe6 {[%clk 0:01:06]} 26. f3
{[%clk 0:01:54]} Rd8 {[%clk 0:01:05]} 27. Bf1 {[%clk 0:01:53]} Bc6
{[%clk 0:01:05]} 28. Qc2 {[%clk 0:01:50]} Qe8 {[%clk 0:00:54]} 29. Qe2
{[%clk 0:01:36]} Qe6 {[%clk 0:00:41]} 30. Qc2 {[%clk 0:01:43]} Qe8 31. Qe2 Qe6
{[%clk 0:00:54]} 32. Qc2 {[%clk 0:01:58]} Qe8 {[%clk 0:01:02]} 33. Qe2
{[%clk 0:01:46]} Qe6 {[%clk 0:00:59]} 34. Qc2 {[%clk 0:01:27]} Qe8
{[%clk 0:00:47]} 35. Qe2 {[%clk 0:01:36]} Qe6 {[%clk 0:00:45]} 1/2-1/2

[Event "TeamRussiawomen"]
[Site "?"]
[Date "2016.10.05"]
[Round "3.11"]
[White "Nebolsina, Vera"]
[Black "Nechaeva, Marina"]
[Result "0-1"]
[LiveChessVersion "1.4.4"]
[BlackElo "2425"]
[WhiteElo "2234"]

1. Nf3 {[%clk 0:15:13]} d5 {[%clk 0:15:18]} 2. g3 {[%clk 0:15:20]} Bg4
{[%clk 0:15:25]} 3. Bg2 {[%clk 0:15:29]} Nd7 {[%clk 0:15:32]} 4. d4
{[%clk 0:15:36]} Ngf6 {[%clk 0:15:40]} 5. Nbd2 {[%clk 0:15:40]} e6
{[%clk 0:15:47]} 6. O-O {[%clk 0:15:46]} c6 {[%clk 0:15:41]} 7. Re1
{[%clk 0:15:50]} Be7 {[%clk 0:15:46]} 8. e4 {[%clk 0:15:52]} dxe4
{[%clk 0:15:55]} 9. Nxe4 {[%clk 0:16:01]} Nxe4 {[%clk 0:16:03]} 10. Rxe4
{[%clk 0:16:07]} Nf6 {[%clk 0:16:10]} 11. Re1 {[%clk 0:16:15]} O-O
{[%clk 0:16:17]} 12. c3 {[%clk 0:16:19]} h6 {[%clk 0:16:11]} 13. Qb3
{[%clk 0:15:59]} Qb6 {[%clk 0:15:43]} 14. Ne5 {[%clk 0:15:39]} Bf5
{[%clk 0:15:46]} 15. Nc4 {[%clk 0:15:24]} Qxb3 {[%clk 0:15:11]} 16. axb3
{[%clk 0:15:33]} Rfd8 {[%clk 0:11:36]} 17. b4 {[%clk 0:13:13]} Nd5
{[%clk 0:11:15]} 18. Bd2 {[%clk 0:12:36]} a6 {[%clk 0:08:47]} 19. h3
{[%clk 0:11:15]} g5 {[%clk 0:07:31]} 20. Kh2 {[%clk 0:10:31]} Bf6
{[%clk 0:07:20]} 21. Ne3 {[%clk 0:07:31]} Bg6 {[%clk 0:05:29]} 22. Ng4
{[%clk 0:07:18]} Bg7 {[%clk 0:05:29]} 23. h4 {[%clk 0:07:10]} Bf5
{[%clk 0:05:23]} 24. Ne3 {[%clk 0:07:02]} Nxe3 {[%clk 0:05:18]} 25. fxe3
{[%clk 0:07:10]} gxh4 {[%clk 0:05:22]} 26. gxh4 {[%clk 0:07:15]} Be5+
{[%clk 0:05:10]} 27. Kh1 {[%clk 0:07:08]} Bg3 {[%clk 0:05:18]} 28. Rg1
{[%clk 0:07:15]} Bf2 {[%clk 0:05:24]} 29. Bxc6+ {[%clk 0:07:12]} Bxg1
{[%clk 0:05:28]} 30. Rxg1+ {[%clk 0:07:21]} Kh7 {[%clk 0:05:34]} 31. Bxb7
{[%clk 0:07:28]} Ra7 {[%clk 0:05:39]} 32. Bf3 {[%clk 0:07:33]} Bd3
{[%clk 0:05:23]} 33. e4 {[%clk 0:06:30]} f5 {[%clk 0:04:40]} 34. exf5
{[%clk 0:05:54]} Bxf5 {[%clk 0:04:30]} 35. Bf4 {[%clk 0:05:59]} Rf8
{[%clk 0:04:28]} 36. Be5 {[%clk 0:05:58]} Bd3 {[%clk 0:04:33]} 37. Bc6
{[%clk 0:05:55]} Raf7 {[%clk 0:04:34]} 38. Bg2 {[%clk 0:04:07]} Rf2
{[%clk 0:03:38]} 39. Bd5 {[%clk 0:01:39]} R8f7 {[%clk 0:03:00]} 40. Rg3
{[%clk 0:01:40]} exd5 {[%clk 0:02:59]} 41. Rxd3 {[%clk 0:01:48]} Rxb2
{[%clk 0:03:08]} 42. Bh2 {[%clk 0:01:44]} Rf1+ {[%clk 0:03:04]} 43. Bg1
{[%clk 0:01:53]} Rf4 {[%clk 0:03:11]} 44. Rh3 {[%clk 0:01:58]} Rg4
{[%clk 0:03:19]} 45. Rh2 {[%clk 0:01:42]} Rb1 {[%clk 0:03:12]} 46. Rg2
{[%clk 0:01:50]} Rxh4+ {[%clk 0:03:20]} 47. Rh2 {[%clk 0:01:58]} Rxh2+
{[%clk 0:03:28]} 48. Kxh2 {[%clk 0:02:07]} Rc1 {[%clk 0:03:36]} 0-1

[Event "TeamRussiawomen"]
[Site "?"]
[Date "2016.10.05"]
[Round "3.12"]
[White "Kovanova, Baira"]
[Black "Markelova, Lubov"]
[Result "1-0"]
[LiveChessVersion "1.4.4"]
[BlackElo "2107"]
[WhiteElo "2393"]

1. Nf3 {[%clk 0:15:18]} d5 {[%clk 0:15:15]} 2. g3 {[%clk 0:15:20]} Nf6
{[%clk 0:15:14]} 3. Bg2 {[%clk 0:15:28]} e6 {[%clk 0:13:53]} 4. O-O
{[%clk 0:15:22]} c5 {[%clk 0:13:40]} 5. d3 {[%clk 0:15:29]} g6 {[%clk 0:13:43]}
6. Nbd2 {[%clk 0:15:23]} Bg7 {[%clk 0:13:51]} 7. e4 {[%clk 0:15:19]} O-O
{[%clk 0:13:43]} 8. Re1 {[%clk 0:14:27]} Nc6 {[%clk 0:12:52]} 9. Qe2
{[%clk 0:13:19]} b6 {[%clk 0:09:36]} 10. Nf1 {[%clk 0:12:48]} Bb7
{[%clk 0:08:01]} 11. e5 {[%clk 0:11:31]} Nd7 {[%clk 0:06:57]} 12. Bf4
{[%clk 0:11:35]} Re8 {[%clk 0:06:34]} 13. h4 {[%clk 0:09:49]} f6 {[%clk 0:05:14]}
14. exf6 {[%clk 0:09:45]} Nxf6 {[%clk 0:05:17]} 15. Qd2 {[%clk 0:09:35]} Qe7
{[%clk 0:02:37]} 16. N1h2 {[%clk 0:09:15]} Rad8 {[%clk 0:02:26]} 17. Bh3
{[%clk 0:08:23]} Bc8 {[%clk 0:02:21]} 18. Ne5 {[%clk 0:06:15]} Nxe5
{[%clk 0:02:23]} 19. Bxe5 {[%clk 0:06:24]} Bd7 {[%clk 0:01:37]} 20. Re2
{[%clk 0:06:12]} Ne4 {[%clk 0:00:47]} 21. dxe4 {[%clk 0:04:20]} Bxe5
{[%clk 0:00:55]} 22. exd5 {[%clk 0:04:26]} Bxb2 {[%clk 0:00:44]} 23. Rb1
{[%clk 0:03:50]} Qg7 {[%clk 0:00:39]} 24. Nf3 {[%clk 0:02:05]} Bc3
{[%clk 0:00:46]} 25. Qd3 {[%clk 0:01:34]} Bc8 {[%clk 0:00:25]} 26. Qb5
{[%clk 0:01:14]} Bd7 {[%clk 0:00:14]} 27. Qb3 {[%clk 0:01:18]} Kh8
{[%clk 0:00:14]} 28. dxe6 {[%clk 0:01:18]} Bc6 {[%clk 0:00:19]} 29. Ng5
{[%clk 0:01:21]} Bd5 {[%clk 0:00:12]} 30. Qb5 {[%clk 0:01:21]} Rc8
{[%clk 0:00:12]} 31. Qd3 {[%clk 0:00:41]} Rcd8 {[%clk 0:00:14]} 32. Nf7+
{[%clk 0:00:44]} Kg8 {[%clk 0:00:23]} 33. Nxd8 {[%clk 0:00:51]} Rxd8
{[%clk 0:00:25]} 34. e7 {[%clk 0:00:57]} 1-0

[Event "TeamRussiawomen"]
[Site "?"]
[Date "2016.10.05"]
[Round "4.1"]
[White "Afanasieva, Alexandra"]
[Black "Galliamova, Alisa"]
[Result "0-1"]
[LiveChessVersion "1.4.4"]
[BlackElo "2428"]
[WhiteElo "1843"]

1. e4 {[%clk 0:15:19]} c5 {[%clk 0:15:14]} 2. Nf3 {[%clk 0:15:27]} e6
{[%clk 0:15:22]} 3. d4 {[%clk 0:15:36]} cxd4 {[%clk 0:15:31]} 4. Nxd4
{[%clk 0:15:45]} Nf6 {[%clk 0:15:34]} 5. Bd3 {[%clk 0:15:26]} Nc6
{[%clk 0:14:49]} 6. Nxc6 {[%clk 0:15:26]} dxc6 {[%clk 0:12:55]} 7. O-O
{[%clk 0:15:15]} e5 {[%clk 0:12:51]} 8. Bg5 {[%clk 0:14:26]} Be7 {[%clk 0:12:09]}
9. Nd2 {[%clk 0:14:10]} O-O {[%clk 0:12:07]} 10. Nc4 {[%clk 0:14:02]} Ng4
{[%clk 0:11:20]} 11. Bxe7 {[%clk 0:13:51]} Qxe7 {[%clk 0:11:28]} 12. h3
{[%clk 0:13:40]} Nf6 {[%clk 0:11:36]} 13. Qf3 {[%clk 0:12:43]} g6
{[%clk 0:11:29]} 14. Qg3 {[%clk 0:12:31]} Re8 {[%clk 0:11:28]} 15. Rad1
{[%clk 0:12:08]} Nh5 {[%clk 0:11:25]} 16. Qf3 {[%clk 0:11:08]} Nf4
{[%clk 0:10:08]} 17. Ne3 {[%clk 0:10:10]} b5 {[%clk 0:09:28]} 18. c3
{[%clk 0:08:03]} Be6 {[%clk 0:09:28]} 19. Bb1 {[%clk 0:07:38]} a5
{[%clk 0:07:33]} 20. Rfe1 {[%clk 0:06:22]} b4 {[%clk 0:07:16]} 21. cxb4
{[%clk 0:05:42]} axb4 {[%clk 0:07:14]} 22. b3 {[%clk 0:05:35]} Red8
{[%clk 0:07:11]} 23. Ng4 {[%clk 0:04:05]} Bxg4 {[%clk 0:06:26]} 24. Qxg4
{[%clk 0:04:03]} Rxd1 {[%clk 0:06:09]} 25. Rxd1 {[%clk 0:04:03]} Rd8
{[%clk 0:06:18]} 26. Qf3 {[%clk 0:03:17]} Rd6 {[%clk 0:05:59]} 27. Bc2
{[%clk 0:02:45]} Qd7 {[%clk 0:05:49]} 28. Rxd6 {[%clk 0:02:45]} Qxd6
{[%clk 0:05:58]} 29. Qe3 {[%clk 0:02:48]} c5 {[%clk 0:04:42]} 30. Kh2
{[%clk 0:02:22]} Qd4 {[%clk 0:04:24]} 31. Qe1 {[%clk 0:01:56]} Kg7
{[%clk 0:03:27]} 32. g3 {[%clk 0:01:52]} Ne6 {[%clk 0:03:28]} 33. Kg2
{[%clk 0:01:39]} Qb2 {[%clk 0:03:21]} 34. Bb1 {[%clk 0:01:14]} Nd4
{[%clk 0:03:21]} 35. Qd1 {[%clk 0:01:14]} Qe2 {[%clk 0:01:32]} 36. Qxe2
{[%clk 0:00:46]} Nxe2 {[%clk 0:01:40]} 37. Bd3 {[%clk 0:00:44]} Nc3
{[%clk 0:01:47]} 38. f4 {[%clk 0:00:44]} f6 {[%clk 0:01:29]} 39. Kf3
{[%clk 0:00:50]} Nxa2 {[%clk 0:01:37]} 40. Bc4 {[%clk 0:00:55]} Nc3
{[%clk 0:01:44]} 41. Ke3 {[%clk 0:00:41]} Kf8 {[%clk 0:01:39]} 42. g4
{[%clk 0:00:33]} Ke7 {[%clk 0:01:16]} 43. fxe5 {[%clk 0:00:19]} fxe5
{[%clk 0:01:23]} 44. Bg8 {[%clk 0:00:20]} h6 {[%clk 0:01:27]} 45. Bc4
{[%clk 0:00:27]} Nd1+ {[%clk 0:01:18]} 46. Kf3 {[%clk 0:00:27]} g5
{[%clk 0:01:07]} 47. Bd5 {[%clk 0:00:24]} Kd6 {[%clk 0:01:07]} 48. Bc4
{[%clk 0:00:27]} Nb2 {[%clk 0:01:09]} 49. Bb5 {[%clk 0:00:27]} c4
{[%clk 0:01:13]} 50. bxc4 {[%clk 0:00:32]} Kc5 {[%clk 0:01:21]} 51. Ke2
{[%clk 0:00:34]} Nxc4 {[%clk 0:01:27]} 52. Ba4 {[%clk 0:00:43]} Kd4
{[%clk 0:01:11]} 53. Bb3 {[%clk 0:00:51]} Nd6 {[%clk 0:01:19]} 54. Kd2
{[%clk 0:00:33]} Nxe4+ {[%clk 0:01:26]} 55. Ke2 {[%clk 0:00:42]} Nc5
{[%clk 0:01:33]} 56. Bc2 {[%clk 0:00:47]} b3 {[%clk 0:01:40]} 57. Bb1
{[%clk 0:00:56]} Na4 {[%clk 0:01:49]} 58. Kd2 {[%clk 0:01:02]} e4
{[%clk 0:01:53]} 59. Kc1 {[%clk 0:01:05]} Nc3 {[%clk 0:02:00]} 0-1

[Event "TeamRussiawomen"]
[Site "?"]
[Date "2016.10.05"]
[Round "4.2"]
[White "Ambartsumova, Karina"]
[Black "Girshgorn, Maria"]
[Result "1-0"]
[LiveChessVersion "1.4.4"]
[BlackElo "1738"]
[WhiteElo "2376"]

1. e4 {[%clk 0:15:15]} c6 {[%clk 0:15:17]} 2. d4 {[%clk 0:15:14]} d5
{[%clk 0:15:23]} 3. exd5 {[%clk 0:14:33]} cxd5 {[%clk 0:15:31]} 4. c4
{[%clk 0:14:40]} Nf6 {[%clk 0:15:03]} 5. Nc3 {[%clk 0:14:47]} Nc6
{[%clk 0:14:22]} 6. Bg5 {[%clk 0:14:30]} g6 {[%clk 0:11:31]} 7. Nf3
{[%clk 0:12:28]} Bg7 {[%clk 0:11:09]} 8. Bxf6 {[%clk 0:09:18]} Bxf6
{[%clk 0:10:46]} 9. cxd5 {[%clk 0:09:23]} Nb8 {[%clk 0:09:21]} 10. Bb5+
{[%clk 0:09:27]} Bd7 {[%clk 0:09:21]} 11. Qb3 {[%clk 0:09:24]} O-O
{[%clk 0:09:19]} 12. O-O {[%clk 0:09:20]} Qb6 {[%clk 0:09:15]} 13. Rad1
{[%clk 0:08:10]} a6 {[%clk 0:09:00]} 14. Bc4 {[%clk 0:08:11]} Qxb3
{[%clk 0:08:53]} 15. Bxb3 {[%clk 0:08:19]} Bg4 {[%clk 0:08:52]} 16. Ne4
{[%clk 0:07:22]} Bxf3 {[%clk 0:07:53]} 17. Nxf6+ {[%clk 0:07:23]} exf6
{[%clk 0:08:01]} 18. gxf3 {[%clk 0:07:32]} Nd7 {[%clk 0:08:08]} 19. Rfe1
{[%clk 0:07:32]} Rfe8 {[%clk 0:07:38]} 20. d6 {[%clk 0:06:04]} Kf8
{[%clk 0:07:27]} 21. Rxe8+ {[%clk 0:05:53]} Rxe8 {[%clk 0:07:32]} 22. Rc1
{[%clk 0:05:59]} Rd8 {[%clk 0:05:03]} 23. Rc7 {[%clk 0:05:59]} b6
{[%clk 0:04:28]} 24. Ra7 {[%clk 0:05:49]} a5 {[%clk 0:04:20]} 25. Rb7
{[%clk 0:05:19]} f5 {[%clk 0:04:18]} 26. Ba4 {[%clk 0:04:57]} Nf6
{[%clk 0:03:49]} 27. Rxb6 {[%clk 0:05:05]} Nd5 {[%clk 0:03:49]} 28. Ra6
{[%clk 0:04:26]} Nb4 {[%clk 0:03:49]} 29. Rxa5 {[%clk 0:04:27]} Rxd6
{[%clk 0:03:48]} 30. Bb3 {[%clk 0:02:36]} Nc6 {[%clk 0:02:47]} 31. Ra6
{[%clk 0:02:17]} Ke7 {[%clk 0:02:48]} 32. d5 {[%clk 0:02:06]} Nd4
{[%clk 0:02:48]} 33. Ra7+ {[%clk 0:01:39]} Kf6 {[%clk 0:02:51]} 34. Bc4
{[%clk 0:01:48]} Nxf3+ {[%clk 0:02:50]} 35. Kg2 {[%clk 0:01:57]} Nd2
{[%clk 0:02:54]} 36. b3 {[%clk 0:01:51]} h5 {[%clk 0:02:54]} 37. a4
{[%clk 0:01:58]} Ne4 {[%clk 0:02:38]} 38. a5 {[%clk 0:01:27]} Ke5
{[%clk 0:02:20]} 39. a6 {[%clk 0:01:23]} Kd4 {[%clk 0:02:25]} 40. Rb7
{[%clk 0:00:58]} Rd8 {[%clk 0:02:08]} 41. a7 {[%clk 0:00:55]} Ra8
{[%clk 0:02:17]} 42. Rxf7 {[%clk 0:00:59]} Nd6 {[%clk 0:01:51]} 43. Rc7
{[%clk 0:00:43]} g5 {[%clk 0:01:51]} 44. Ba6 {[%clk 0:00:29]} g4 {[%clk 0:01:02]}
45. Kg3 {[%clk 0:00:29]} Ne4+ {[%clk 0:00:43]} 46. Kf4 {[%clk 0:00:38]} Nf6
{[%clk 0:00:33]} 47. Kxf5 {[%clk 0:00:41]} Nxd5 {[%clk 0:00:39]} 48. Rd7
{[%clk 0:00:50]} Kc5 {[%clk 0:00:43]} 49. Rxd5+ {[%clk 0:00:55]} Kxd5
{[%clk 0:00:50]} 50. Bb7+ {[%clk 0:01:04]} Kc5 {[%clk 0:00:58]} 51. Bxa8
{[%clk 0:01:13]} Kb6 {[%clk 0:01:07]} 52. Kg5 {[%clk 0:01:19]} Kxa7
{[%clk 0:01:15]} 53. Bd5 {[%clk 0:01:28]} Kb6 {[%clk 0:01:23]} 54. Kxh5
{[%clk 0:01:37]} g3 {[%clk 0:01:32]} 55. hxg3 {[%clk 0:01:46]} Kc5
{[%clk 0:01:41]} 56. Bc4 {[%clk 0:01:55]} Kd4 {[%clk 0:01:48]} 57. g4
{[%clk 0:02:05]} Ke5 {[%clk 0:01:52]} 58. g5 {[%clk 0:02:14]} Kf4
{[%clk 0:01:31]} 59. g6 {[%clk 0:02:22]} Kf3 {[%clk 0:01:39]} 60. g7
{[%clk 0:02:31]} 1-0